Paroles de Brassens - Statistiques

Statistiques générales
  • Ce quiz a été pris 68 fois
  • Le résultat moyen est 10 sur 16
Statistiques - réponses
Hint Réponse % Correct
La maîtresse avait des méthodes avancées :
Au premier de la classe ell' promit un baiser.
La maîtresse d'école
81%
Mon caveau de famille, hélas ! n'est pas tout neuf.
Vulgairement parlant, il est plein comme un œuf,
Supplique pour être enterré à la plage de Sète
81%
Dois-je, pour défrayer la chronique des scandales,
Battre l' tambour avec mes parties génitales,
Trompettes de la renommée
79%
En séchant l'eau de sa frimousse,
D'un air très doux elle m'a dit « oui ».
Le parapluie
77%
Il s'en fallait de peu mon cher
que cette putain ne fût ta mère,
cette putain dont tu rigoles.
La complainte des filles de joie
70%
Elle prit le voile à Tolède
Au grand soupir des gens du lieu
Comme si, quand on n'est pas laide
On avait droit d'épouser Dieu
La légende de la nonne
68%
Mais si quelqu'un monte aux cieux
Moins que moi, j'y paie des prunes :
Y' a cent sept ans, qui dit mieux,
Qu' j'ai pas vu la lune !
Auprès de mon arbre
62%
Ancienne enfant d'Marie-salope
Mélanie, la bonne au curé,
Dedans ses trompes de Fallope,
S'introduit des cierges sacrés.
Mélanie
62%
Mais les copains
Suivaient l'sapin
Le cœur serré
En rigolant
Pour faire semblant
De n'pas pleurer
Le vieux Léon
60%
Ces furies, à peine si j'ose
Le dire, tellement c'est bas,
Leur auraient même coupé les choses :
Par bonheur ils n'en avaient pas!
Hécatombe
58%
O très Sainte Marie mèr' de
Dieu, dites à ces putains
De moines qu'ils nous emmerdent
Sans le latin
Tempête dans un bénitier
55%
Je tu il elle nous vous ils
Tout le monde le suit docile
Le roi des cons
51%
Mais la chair de Lisa, la chair fraîche de Lison
(Que les culs cousus d'or se fassent une raison!)
C'est pour la bouche du premier venu
Qui' a les yeux tendre' et les mains nues...
Les croquants
43%
Il n'y a que les imbéciles qui sachent bien faire l'amour,
La virtuosité, c'est une affaire de balourds!"
Corne d'aurochs
38%
Cupidon, ce salaud, geste qui chez lui n'est pas rare
Avait trempé sa flèche un petit peu dans le curare
Le philtre magique avait tout du bouillon d'onze heures
Sauf le respect que je vous dois
36%
C'est injuste, madame, et c'est désobligeant
Que ce morceau de roi de votre anatomie
Porte le même nom qu'une foule de gens.
Le blason
32%
Aucun quiz correspondant
Distribution des résultats
% des personnes avec chaque résultat
Percentile par nombre de réponses
Votre historique - résultats
Vous n’avez pas pris ce quiz